UBT Library

The resume solution / (Record no. 39861)

000 -LEADER
fixed length control field 00549pam a2200217 a 4500
001 - CONTROL NUMBER
control field 1523822
005 - DATE AND TIME OF LATEST TRANSACTION
control field 20180109041122.0
008 - FIXED-LENGTH DATA ELEMENTS--GENERAL INFORMATION
fixed length control field 900606s1991 inua 000 0 eng
010 ## - LIBRARY OF CONGRESS CONTROL NUMBER
LC control number 90004904
020 ## - INTERNATIONAL STANDARD BOOK NUMBER
International Standard Book Number 0942784448 :
Terms of availability $10.95
040 ## - CATALOGING SOURCE
Original cataloging agency DLC
Transcribing agency DLC
Modifying agency DLC
041 ## - LANGUAGE CODE
Language code of text/sound track or separate title eng
080 ## - UNIVERSAL DECIMAL CLASSIFICATION NUMBER
Universal Decimal Classification number 650.14
082 00 - DEWEY DECIMAL CLASSIFICATION NUMBER
Classification number 650.14 SWA
Edition number 20
100 1# - Rafti
Rafti 52
101 ## - Shkurtesa
Shkurtesa PUN
245 14 - TITLE STATEMENT
Title The resume solution /
Statement of responsibility, etc by Dave Swanson.
906 ## - LOCAL DATA ELEMENT F, LDF (RLIN)
a 7
b cbc
c orignew
d 1
e ocip
f 19
g y-gencatlg
942 ## - ADDED ENTRY ELEMENTS (KOHA)
Source of classification or shelving scheme
Item type Books
Holdings
Withdrawn status Lost status Source of classification or shelving scheme Damaged status Not for loan Collection code Permanent location Current location Shelving location Date acquired Total Checkouts Full call number Barcode Date last seen Price effective from Koha item type
          Koleksioni i përgjithshem UBT - Lipjan UBT - Lipjan Koleksioni i përgjithshem 01/09/2018   650.14 SWA 002-2995250 01/09/2018 01/09/2018 Books
UBT Library © 2015-2024. All rights reserved University Education for Business and Technology